Majesty

Bibliographic Details
Main Author: Aeoliah (ara)
Other Authors: Arensma, Bill (gup)
Format: Book
Language:Slovak
PhysicalDescription:1 magnetofónová kazeta stereo
Published: Bratislava Aquamarín 1996
Subjects:

MARC

LEADER 00000nam a2200000 a 4500
001 vtls001223775
003 SK-MaSNL
005 20260331203245.0
008 130606s1996 xo 0 slo
015 |a SNBJ1998/02-00922 
035 |a SNK000169993 
040 |a SNK  |b slo  |c SNK  |e AACR2 
044 |a xo  |c SK 
080 |a 785.083.41:615.837:789.983(086.7)  |2 1981 
080 |a 615.837  |2 1981 
080 |a 789.983  |2 1981 
100 1 |a Aeoliah  |4 ara  |9 517753 
245 1 |a Majesty  |h zvukový dokument  |c Aeoliah 
260 |a Bratislava  |b Aquamarín  |c 1996 
300 |a 1 magnetofónová kazeta  |b stereo 
500 |a Design Bill Arensma 
505 0 |a Obsahuje 4 skl. 
508 |a Aranžmán Aeoliah 
650 0 7 |a ezoterická hudba  |2 SNK  |9 290433 
655 7 |a magnetofónové kazety  |2 SNK  |9 70693 
700 1 |a Arensma, Bill  |4 gup  |9 42631 
999 |c 797472  |d 799402 
952 |t P60, <03>, [BOOK], {603}  |a SNK  |b SNK  |y PREZ  |7 0  |p 17A0128910  |o snkK 1916  |i snkJK 149/98  |0 0  |1 0  |4 0  |d 1998-03-17  |l 0  |r 2005-01-01 00:00:00  |w 2026-02-24